O Corinthians na Libertadores da América - Adversários ATÉ 2015! - Statistics

Estatísticas Gerais
  • Esse quiz foi jogado 367 vezes
    336 desde o último reset
  • A pontuação média é 25 de 44
Estatísticas das Respostas
CONFRONTOS PAÍS CLUBE % Correto
6 ARGENTINA BOCA JUNIORS
100%
6 BRASIL PALMEIRAS
96%
4 BRASIL FLAMENGO
93%
4 ARGENTINA RIVER PLATE
93%
2 BRASIL SANTOS
91%
2 BRASIL SÃO PAULO
90%
2 BRASIL VASCO DA GAMA
86%
2 EQUADOR EL NACIONAL
82%
2 BRASIL GRÊMIO
82%
2 URUGUAI NACIONAL
82%
2 PARAGUAI NACIONAL
82%
2 BRASIL ATLÉTICO MINEIRO
80%
4 MÉXICO CRUZ AZUL
79%
2 BRASIL INTERNACIONAL
74%
4 PARAGUAI OLÍMPIA
73%
2 PARAGUAI GUARANI
68%
6 PARAGUAI CERRO PORTEÑO
66%
2 BRASIL BOTAFOGO
65%
2 MÉXICO AMÉRICA
64%
2 EQUADOR EMELEC
63%
4 CHILE UNIVERSIDAD CATOLICA
61%
2 EQUADOR LDU
60%
2 URUGUAI RACING
60%
2 COLOMBIA INDEPENDIENTE MEDELLIN
59%
2 VENEZUELA DEPORTIVO TÁCHIRA
55%
2 MÉXICO TIGRES
52%
2 COLÔMBIA TOLIMA
49%
2 ARGENTINA SAN LORENZO
45%
2 COLÔMBIA DEPORTIVO CÁLI
41%
2 CHILE UNIVERSIDAD DE CHILE
40%
2 MÉXICO TIJUANA
39%
2 COLÔMBIA ONCE CALDAS
38%
2 BOLÍVIA THE STRONGEST
38%
2 CHILE COBRESAL
36%
2 URUGUAI DANUBIO
35%
2 COLÔMBIA MILLIONARIOS
33%
2 COLÔMBIA SANTA FÉ
31%
2 ARGENTINA ROSARIO CENTRAL
28%
2 BOLÍVIA JORGE WILSTERMAN
25%
2 BOLÍVIA SAN JOSÉ
23%
2 URUGUAI FÊNIX
11%
2 EQUADOR DEPORTIVO CUENCA
10%
2 URUGUAI BELLA VISTA
6%
2 EQUADOR ESPOLI
5%
Nenhum quiz correspondente encontrado
Distribuição das Pontuações
Porcentagem de Pessoas com Cada Pontuação
Percentil de Números Respondidos
Sua Pontuação Histórica
Você não jogou esse quiz desde o último reset